Az Európai Unió államtani jellege

Elmentve itt :
Bibliográfiai részletek
Szerző: Fejes Zsuzsanna
Dokumentumtípus: Cikk
Megjelent: 2014
Sorozat:Acta Universitatis Szegediensis : forum : acta juridica et politica 4 No. 1
Kulcsszavak:Európai Unió, Európai Unió
Tárgyszavak:
Online Access:http://acta.bibl.u-szeged.hu/36318
LEADER 00730nab a2200205 i 4500
001 acta36318
005 20231106150358.0
008 161017s2014 hu o 0|| hun d
022 |a 0324-6523 
040 |a SZTE Egyetemi Kiadványok Repozitórium  |b hun 
041 |a hun 
100 1 |a Fejes Zsuzsanna 
245 1 3 |a Az Európai Unió államtani jellege  |h [elektronikus dokumentum] /  |c  Fejes Zsuzsanna 
260 |c 2014 
300 |a 55-67 
490 0 |a Acta Universitatis Szegediensis : forum : acta juridica et politica  |v 4 No. 1 
650 4 |a Társadalomtudományok 
650 4 |a Jogtudomány 
695 |a Európai Unió, Európai Unió 
856 4 0 |u http://acta.bibl.u-szeged.hu/36318/1/juridpol_forum_004_001_055-067.pdf  |z Dokumentum-elérés